| 000 | 00749nam a2200205 a 4500 | ||
|---|---|---|---|
| 001 | 000046302 | ||
| 005 | 20260302104244.0 | ||
| 008 | 150717s1988 dr ac 000 0 spa d | ||
| 040 |
_aDO-SdBNP _bspa _cBNPHU |
||
| 082 |
_axxxx _bxxxx |
||
| 245 | 0 | 0 |
_aArtistas en residencia / _cJean-Luc Abbatucci...[et. al.] ; coordinación Irene Rodríguez. |
| 260 |
_aAltos de Chavón La Romana, República Dominicana : _bCerveceria Nacional Dominicana, _c1988. |
||
| 300 |
_a[26] p. : _bil. retrs. ; _c27 cm. |
||
| 700 | 1 | 2 |
_aAbbatucci, Jean-Luc _974315 |
| 700 | 1 | 2 |
_aMersky, Deborah _974316 |
| 700 | 1 | 2 |
_aGundersen, Greta _974317 |
| 700 | 1 | 2 |
_aÁlvarez, Julia, _d1950- _95624 |
| 700 | 1 | 2 |
_aPotter-Mael, Brigitte _974318 |
| 700 | 1 | 2 |
_aRodríguez, Irene, _ecoord. _974319 |
| 999 |
_c45791 _d45791 |
||